| 000 | 00746cam a2200217 4500 | ||
|---|---|---|---|
| 001 | WB3549-17 | ||
| 008 | 000000n1999 000 0 eng u | ||
| 035 | _a(Sirsi) u103220 | ||
| 245 | _aServiced offices need true valuations | ||
| 260 | _c1999 | ||
| 490 |
_aYorkshire Post _v 16 December 1999, 19(1) |
||
| 520 | _aDTZ Debenham Thorpe has called for a change in the way serviced offices are valued, taking into account their business value and profitability. | ||
| 590 | _aWB | ||
| 650 | _aSERVICED OFFICES | ||
| 650 | _aDTZ DEBENHAM THORPE | ||
| 650 | _aPROFITABILITY | ||
| 650 | _aINVESTMENT MARKET | ||
| 650 | _aVALUATION ISSUES | ||
| 690 | _aPROPERTY-COMMERCIAL PROPERTY-COMMERCIAL PROPERTY APPRAISAL AND VALUATION | ||
| 942 | _n0 | ||
| 999 |
_c62041 _d62041 |
||